Manažérske účtovníctvo

Tendencie vývoja manažérskeho účtovníctva. Zodpovednostné účtovníctvo a predpoklady jeho účinného pôsobenia. Vymedzenie miery a oblastí právomoci a zodpovedností. Organizačná a ekonomická štruktúra podniku.

Na minha lista:
Detalhes bibliográficos
Autor principal: Král, Bohumil
Formato: Capítulo de Livro
Idioma:eslovaco
Assuntos:
Tags: Adicionar Tag
Sem tags, seja o primeiro a adicionar uma tag!

MARC

LEADER 00000naa a2200000 4500
001 r037412
005 20240411081200.5
041 0 |a slo 
044 |a SK 
245 1 0 |a Manažérske účtovníctvo  |c Bohumil Král 
520 |a Tendencie vývoja manažérskeho účtovníctva. Zodpovednostné účtovníctvo a predpoklady jeho účinného pôsobenia. Vymedzenie miery a oblastí právomoci a zodpovedností. Organizačná a ekonomická štruktúra podniku. 
610 2 0 |a účtovníctvo manažérske 
610 2 0 |a riadenie vnútropodnikové 
610 2 0 |a účtovníctvo základné 
610 2 0 |a poriadok organizačný 
610 2 0 |a právomoc 
610 2 0 |a zodpovednosť 
610 2 0 |a štruktúra podniku organizačná 
100 1 |a Král, Bohumil